| 000 | 00598nam a22001937a 4500 | ||
|---|---|---|---|
| 005 | 20240229152317.0 | ||
| 010 | _aENG-139473 | ||
| 020 |
_a9789356072916 _c449.00 |
||
| 035 | _aEN-123005 | ||
| 037 |
_adpl _bAllied Pub/Ven |
||
| 037 | _bDBAD/PUB | ||
| 082 | _aN | ||
| 100 |
_aBhattacharya, Rabindra Chandra _962622 |
||
| 245 |
_aSerendipitous: _bTurning Chance into Possibilities/ _cBy Rabindra Chandra Bhattacharya, |
||
| 260 |
_aNew Delhi _bAllied Publishers _c2011 |
||
| 270 |
_a1/13-14 Asaf Ali Road _bNew Delhi _e110002 |
||
| 300 |
_axii,194p _bill. _c24cm(hbk) |
||
| 942 |
_2ddc _cEN _hN _mBHA |
||
| 999 |
_c201152 _d201152 |
||